Tous les drapeaux traditionnelle de tous les département francais. - Statistiques

Statistiques générales
  • Ce quiz a été pris 127 fois
  • Le résultat moyen est 22 sur 96
Statistiques - réponses
Par images Hint Réponse % Correct
Haute Haute-Corse
85%
Sud Corse-du-Sud
76%
Haute Haute-Savoie
71%
Savoie
63%
Vendée
57%
Paris
53%
Côtes-d'Armor
52%
Ille-et-Vilaine
51%
Morbihan
49%
Pyrénées-Orientales
45%
Nord
41%
Alpes-Maritimes
39%
Vosges
37%
Loire-Atlantique
36%
Finistère
35%
Haut-Rhin
35%
Meurthe-et-Moselle
35%
Puy-de-Dôme
35%
Calvados
32%
Hérault
32%
Seine-Maritime
32%
Bas-Rhin
31%
Haute-Garonne
31%
Aube
28%
Manche
27%
Pyrénées-Atlantiques
27%
Ardennes
25%
Marne
25%
Tarn
25%
Isère
24%
Eure
23%
Gard
23%
Gironde
23%
Haute-Vienne
23%
Orne
23%
Ariège
20%
Mayenne
20%
Aude
19%
Cher
19%
Essonne
19%
Haute-Marne
19%
Jura
19%
Landes
19%
Meuse
19%
Moselle
19%
Saône-et-Loire
19%
Vaucluse
19%
Vienne
19%
Alpes-de-Haute-Provence
17%
Drôme
17%
Territoire de Belfort
17%
Yonne
17%
Aveyron
16%
Bouches-du-Rhône
16%
Charente-Maritime
16%
Doubs
16%
Indre-et-Loire
16%
Lot
16%
Lozère
16%
Tarn-et-Garonne
16%
Val-de-Marne
16%
Var
16%
Yvelines
16%
Aisne
15%
Deux-Sèvres
15%
Haute-Loire
15%
Lyon
15%
Seine-et-Marne
15%
Côte-d'Or
13%
Hautes-Pyrénées
13%
Hauts-de-Seine
13%
Loiret
13%
Rhône
13%
Hautes-Alpes
12%
Lot-et-Garonne
12%
Maine-et-Loire
12%
Haute-Saône
11%
Indre
11%
Sarthe
11%
Seine-Saint-Denis
11%
Corrèze
9%
Oise
9%
Ardèche
8%
Charente
8%
Dordogne
8%
Gers
8%
Loir-et-Cher
8%
Nièvre
8%
Pas-de-Calais
8%
Ain
7%
Allier
7%
Eure-et-Loir
7%
Loire
7%
Val-d'Oise
7%
Creuse
5%
Somme
5%
Aucun quiz correspondant
Distribution des résultats
% des personnes avec chaque résultat
Percentile par nombre de réponses
Votre historique - résultats
Vous n’avez pas pris ce quiz